Quiz Voitures: Allemandes - Statistiques

Statistiques générales
  • Ce quiz a été pris 834 fois
    754 depuis la dernière actualisation
  • Le résultat moyen est 26 sur 64
Statistiques - réponses
Par images Réponse % Correct
BMW M3
86%
Audi R8
74%
Porsche 911
74%
BMW M4
73%
BMW Z4
73%
Mercedes CLA
72%
Porsche Carrera GT
69%
Audi A1
67%
Audi RS5
67%
BMW M5
63%
BMW X5
62%
Mercedes AMG GT
62%
BMW X3
60%
BMW I8
58%
Mercedes Classe G
55%
BMW I3
54%
BMW M6
54%
Mercedes Classe A
53%
Mercedes SL
53%
Audi S3
52%
Volkswagen Coccinelle
52%
Volkswagen Coccinelle
52%
Volkswagen Golf
49%
BMW série 1
47%
Audi Q3
46%
BMW M1
46%
Porsche Cayenne
46%
Audi RS6
45%
Mercedes Classe S
45%
Mercedes Classe C
44%
BMW X1
43%
BMW Z3
43%
Porsche 918
41%
Mercedes Classe E
40%
Audi A7
39%
Audi Quattro
39%
Porsche GT3
39%
Audi A8
38%
Porsche Macan
38%
Smart Fortwo
38%
BMW série 2
37%
Porsche Cayman
35%
Porsche Panamera
35%
Volkswagen Arteon
34%
BMW Z8
32%
Mercedes GLA
30%
Volkswagen Combi
30%
Mercedes CLS
29%
Volkswagen T-Roc
29%
Mercedes SLR
26%
Volkswagen Polo
24%
Volkswagen Passat
22%
Porsche 911 GT3 RS
21%
Smart Forfour
18%
Volkswagen Touareg
18%
Porsche 356
17%
Porsche 944
16%
Volkswagen Scirocco
15%
Porsche Cayman GT4
12%
Mercedes 190SL
5%
BMW Série 5 GT
4%
Mercedes C63 Coupé
2%
Mercedes S63 Coupé
2%
Wiesmann MF3
2%
Aucun quiz correspondant
Distribution des résultats
% des personnes avec chaque résultat
Percentile par nombre de réponses
Votre historique - résultats
Vous n’avez pas pris ce quiz depuis la dernière actualisation